Statistiques concernant Culture Générale - Série 831

Cliquez ici pour prendre le quiz!

Statistiques générales

  • Ce quiz a été pris 145 fois
  • Le résultat moyen est 9 sur 10

Statistiques - réponses

QuestionRéponse% Correct
Combien de grammes compte un kilogramme ?mille
99%
L'appareil enregistreur, placé à bord des avions pour comprendre les causes d'un éventuel accident, est couramment appelé la boîte...noire
99%
Quel nom générique désigne les plantes grimpantes à tiges flexibles de la jungle, emblématiques de Tarzan ?liane
95%
Qu'est-ce qui peut être "vivace", "carnivore", "grasse" ou "des pieds" ?plante
94%
Quel terme désigne la phobie des lieux clos ou l'angoisse d'être enfermé ?claustrophobie
89%
Dans quel pays d'Amérique du Sud se trouve l'État du Mato Grosso ?Brésil
87%
Quels organes ronds, ornent les tentacules des pieuvres, et leur permettent de se fixer ?ventouses
87%
Le véritable nom du luthier dont les violons sont appelés "stradivarius" est Antonio...Stradivari
76%
Selon le titre d'une de ses chansons de 1989, à qui Michel Polnareff dit-il "Goodbye" ?Marylou
71%
Quelle déesse grecque du Mariage, fille de Cronos et de Rhéa, est l'épouse jalouse et querelleuse de Zeus, son frère ?Héra
56%

Distribution des résultats

Percentile par nombre de réponses

% des personnes avec chaque résultat

Votre développement - résultats

Vous n’avez pas pris ce quiz